00653 2200229 4500001002100000005001500021035002000036007000300056008004100059020002200100082001000122084001600132100001500148245010400163260004200267300003200309650000900341700001800350504003100368990001200399990001200411INLIS00000000000278520190110110230 a0010-0119000137ta190110 g 0 ind  a978-602-394-142-1 a612.3 a612.3 MIL n0 aMILDA, Ini1 aNutrisi Pintar Ibu Hamil dan Menyusui untuk Golongan Darah O /cMilda Ini; penyunting, Indi Rahmadi aJakarta :bBhuana Ilmu Populer,c2016 a140 hlm. :bilus. ;c18 cm. aGIZI0 aINDI, Rahmadi aBibliografi : hlm. 139-140 a16984 a a16984 b